000
00231 a2200085 4500
999
_c
211913
_d
211913
020
_a
0875532357
245
_a
Standard Methods for the Examination of Water and Wastewater
250
_a
Twentieth Edition
260
_b
APHA AWWA WEF
_c
1998